Risultati Serie A 2023-2024 - 33ª giornata - Statistics

Statistiche generali
  • Questo quiz è stato fatto 7 volte
  • Il punteggio medio è 4 su 10
Statistiche sulle risposte
Hint Risposta % Corretto
Milan-Inter 1-2
83%
Empoli-Napoli 1-0
67%
Cagliari-Juventus 2-2
67%
Sassuolo-Lecce 0-3
50%
Torino-Frosinone 0-0
33%
Verona-Udinese 1-0
33%
Genoa-Lazio 0-1
17%
Salernitana-Fiorentina 0-2
17%
Roma-Bologna 1-3
17%
Monza-Atalanta 1-2
0%
Nessun quiz corrispondente trovato
Distribuzione punteggi
Percentuale di utenti per punteggio
Percentile per numero di risposta
I tuoi punteggi nel tempo
Non hai fatto questo quiz